| 000 | 00622naa a2200193 4500 | ||
|---|---|---|---|
| 001 | 183009 | ||
| 003 | ES-MaBCM | ||
| 005 | 20260407062542.0 | ||
| 008 | 110223s2010 gbr|r0p 0 ||eng d | ||
| 021 | _axx | ||
| 035 | _a(OCoLC)1365212690 | ||
| 040 | _cES-MaBCM | ||
| 100 | 1 |
_aFarrelly, Michael _992222 |
|
| 245 | 0 | 0 |
_aCritical discourse analysis in political studies _b: an illustrative analysis of the "empowerment" agenda _cMichael Farrelly |
| 520 | 3 | _aContiene bibliografĂa | |
| 650 | 2 | 7 |
_aCiencia polĂtica _957903 |
| 773 | 0 |
_aEn: _tPolitics _dOxford _w105389 _gVol.30, n.2 (June 2010), p. 98-104 |
|
| 942 | _cAREV | ||
| 999 |
_c183009 _d183009 |
||